Städte an der Maas - Statistiken

Allgemein
  • Dieses Quiz wurde 20 mal gespielt
  • Das Durchschnittsergebnis liegt bei 6 aus 16
Antwortstatistiken
Bildquiz Hint Antwort % Korrekt
Niederlande Maastricht
88%
Belgien Lüttich
81%
Niederlande Venlo
56%
Belgien Namur
50%
Niederlande Roermond
50%
Niederlande Maasmechelen
38%
Niederlande ’s-Hertogenbosch
38%
Belgien Herstal
31%
Belgien Seraing
31%
Niederlande Venray
31%
Niederlande Wijchen
31%
Niederlande Waalwijk
25%
Frankreich Charleville-Mézières
19%
Niederlande Land van Cuijk
19%
Niederlande Altena
13%
Niederlande Heusden
13%
Keine übereinstimmenden Quizze gefunden
Verteilung der Resultate
Anzahl Personen mit jedem Resultat
Perzentil nach korrekt beantworteten Fragen
Ihre Resultats-Entwicklung
Sie haben dieses Quiz noch nicht gespielt